Top 20 Tennis Grand Slam Women's Players in Open Era - Statistics

General Stats
  • This quiz has been taken 168 times
    153 since last reset
  • The average score is 16 of 20
Answer Stats
# Player Country Points % Correct
1 Serena Williams United States 237
100%
5 Venus Williams United States 142
99%
9 Maria Sharapova Russia 105
93%
3 Martina Navrátilová Czechoslovakia, USA 224
93%
4 Steffi Graf Germany 202
93%
14 Justine Henin Belgium 89
90%
12 Martina Hingis Switzerland 92
87%
2 Chris Evert United States 232
84%
17 Kim Clijsters Belgium 76
84%
7 Monica Seles Yugoslavia, USA 114
84%
6 Arantxa Sánchez Spain 120
79%
13 Margaret Court Australia 91
78%
8 Evonne Goolagong Australia 106
73%
10 Lindsay Davenport United States 103
73%
11 Billie Jean King United States 102
70%
15 Gabriela Sabatini Argentina 86
70%
19 Conchita Martínez Spain 74
59%
18 Jennifer Capriati United States 76
59%
16 Hana Mandlíková Czechoslovakia 83
45%
20 Jana Novotná Czech Republic 68
44%
No matching quizzes found
Score Distribution
Percent of People with Each Score
Percentile by Number Answered
Your Score History
You have not taken this quiz since the last reset